Derecho de la prevencin̤ de riesgos laborales

Bibliographic Details
Other Authors: Franco Gonzl̀ez, Joan, Garrigues Gimňez, Amparo
Format: Book
Language:Spanish
Published: Albacete : Bomarzo, 2009
Series:Estudios (Bomarzo)
Subjects:
Online Access:Acceso restringido

MARC

LEADER 00000nam a2200000 a 4500
005 20120113102951.0
007 cr|||| ||||
008 091023s2009 sp |||| |||| 000 0 spa|c
020 |a 9788496721821 
035 |a 5778 
040 |d vLex 
090 |c 2920  |d 2920 
245 0 0 |a Derecho de la prevencin̤ de riesgos laborales   |h [Recurso electrn̤ico] /  |c Amparo Garrigues Gimňez (directora) ; Joan Franco Gonzl̀ez ... [et al.] 
256 |a Servicio en ln̕ea 
260 |a Albacete :  |b Bomarzo,  |c 2009 
300 |a 1 recurso electrn̤ico 
490 1 |a Estudios  
504 |a Bibliografa̕ 
506 1 |a Contenido solo disponible en los productos indicados  |d vLex Global   |d vLex Global (Academic Edition, excluding Law Schools)   |d vLex Global (U.S. Academic Edition, Law Schools)   |d vLex Global (U.S. Academic Edition, excluding Law Schools)   |d vLex Global (Academic Edition, Law Schools)  
650 4 |a Salud en el trabajo  |x Derecho  |z Espaą 
650 4 |a Seguridad en el trabajo  |x Derecho  |z Espaą 
700 1 |a Franco Gonzl̀ez, Joan 
700 1 |a Garrigues Gimňez, Amparo 
740 0 |a vLex Libros (Servicio en ln̕ea) 
830 0 |a Estudios (Bomarzo) 
856 4 0 |u http://vlex.com/source/derecho-prevencion-riesgos-laborales-5778  |z Acceso restringido 
942 |c BOOK 
999 0 |a  Industrial safety 
999 0 |a Labor laws and legislation